[Event "ch-FRA Blitz Online Qual"]
[Site "Europe-Chess INT"]
[Date "2020.05.16"]
[Round "14"]
[White "Richard, Emma"]
[Black "Bernard, Mathis"]
[Result "1-0"]
[WhiteTitle "WFM"]
[WhiteElo "2160"]
[BlackElo "1880"]
[WhiteFideId "657590"]
[BlackFideId "36075205"]
[EventDate "2020.05.16"]

1. e4 c5 2. Nf3 d6 3. Bb5+ Nd7 4. a4 a6 5. Bc4 Ngf6 6. O-O e6 7. Re1 Be7 8. d4
cxd4 9. Nxd4 O-O 10. a5 Nc5 11. Nc3 Ncxe4 12. Nxe4 Nxe4 13. Bd3 Nf6 14. Be3 Bd7
15. h3 Qc7 16. c3 Rac8 17. Nf3 e5 18. Bb6 Qb8 19. Nh4 Rfe8 20. Nf5 Bf8 21. Bc2
e4 22. Ne3 Bc6 23. Bb3 Re5 24. Bd4 Rg5 25. Bxf6 gxf6 26. h4 Rg6 27. Nf5 Re8 28.
Re3 Bd7 29. Ng3 f5 30. h5 Rg5 31. Nf1 f4 32. Re1 Bh3 33. g3 Bxf1 34. Rxf1 fxg3
35. fxg3 Rxg3+ 36. Kh2 Rg7 37. h6 Rg6 38. Bxf7+ Kh8 39. Qd4+ Bg7 40. hxg7+ Rxg7
41. Rg1 d5+ 42. Kh1 Rg8 43. Bxg8 Qxg8 44. Rxg7 Qxg7 45. Qxg7+ Kxg7 46. Kg2 Kf6
47. Kf2 Ke5 48. Rd1 h5 49. Rh1 Kf4 50. Rxh5 e3+ 51. Ke2 Ke4 52. Rh4+ Ke5 53. Rd4
Kd6 54. Kxe3 Kc5 55. Kf4 Kb5 56. Rxd5+ Kc4 57. Rd7 Kb3 58. Rxb7+ Kc2 59. Ra7 Kd3
60. Rxa6 Kc4 61. Rb6 1-0

[Event "ch-FRA Blitz Online Qual"]
[Site "Europe-Chess INT"]
[Date "2020.05.16"]
[Round "14"]
[White "Pottier, Simeon"]
[Black "Lauferon, Augustin"]
[Result "1-0"]
[WhiteElo "2186"]
[BlackElo "1865"]
[WhiteFideId "26069296"]
[BlackFideId "20655177"]
[EventDate "2020.05.16"]

1. d4 Nf6 2. c4 e6 3. Nc3 d5 4. cxd5 Nxd5 5. e4 Nxc3 6. bxc3 Be7 7. Nf3 O-O 8.
Bd3 b6 9. O-O Nd7 10. Qe2 Bb7 11. a4 c5 12. e5 cxd4 13. cxd4 Rc8 14. Bb2 Bd5 15.
Nd2 Qc7 16. f4 Qb7 17. f5 exf5 18. Bxf5 g6 19. Bd3 f5 20. Ba6 Qa8 21. Bxc8 Rxc8
22. Rfc1 Re8 23. Rc7 Nf8 24. Ba3 Bxa3 25. Rxa3 Ne6 26. Rc1 Nf4 27. Qf1 Nxg2 28.
Nf3 Nf4 29. Ng5 Nh5 30. Rc7 Ng7 31. Qh3 h5 32. Rac3 Qd8 33. Qg3 Be4 34. Nxe4
Qxd4+ 35. Nf2 f4 36. Qd3 Qxe5 37. Qxg6 Qe1+ 38. Kg2 Qe5 39. Rxg7+ Qxg7 40. Qxg7+
Kxg7 41. Rc7+ Kf6 42. Rxa7 Re2 43. Kf3 Ra2 44. Nd3 Kf5 45. Rf7+ Kg5 46. Rxf4 Ra3
47. Rd4 Kf5 48. h4 Ke6 49. Ke4 Ra1 50. Nf4+ Kf6 51. Rd6+ Ke7 52. Rxb6 Rxa4+ 53.
Kf5 Kd7 54. Rb7+ Kc6 55. Rh7 Ra5+ 56. Kg6 Ra4 57. Kg5 Ra5+ 58. Kf6 Ra4 59. Ng6
Ra5 60. Ne5+ Kd6 61. Rxh5 Ra6 62. Nf7+ Kd7+ 63. Kg7 Ke7 64. Ng5 Ra7 65. Rh6 Ke8+
66. Kg6 Ra6+ 67. Kh5 Ra5 68. Rh7 Kf8 69. Rb7 Kg8 70. Rb6 Kg7 71. Kg4 Ra4+ 72.
Kg3 Ra3+ 73. Kf4 Ra4+ 74. Ne4 Kh7 75. Rb5 Kh6 76. Re5 Kg6 77. h5+ Kh6 78. Rb5
Rc4 79. Kf3 Ra4 80. Ng3 Ra3+ 81. Kg4 Ra4+ 82. Kh3 Ra3 83. Rb6+ Kh7 84. Kg4 Ra4+
85. Kg5 Ra5+ 86. Nf5 Rc5 87. Rb7+ Kh8 88. h6 Kg8 89. Rb6 Kh7 90. Kf4 Rc4+ 91.
Ke5 Rc5+ 92. Kf4 Rc4+ 93. Kg3 Rc3+ 94. Kg4 Rc4+ 95. Kg5 Rc5 96. Rb7+ Kh8 97. Rf7
Rc6 98. Rf6 Rc5 99. Kg6 Rc8 100. Nd6 Rg8+ 101. Kh5 Kh7 102. Rf7+ Kh8 103. Ne4
Re8 104. Ng5 Rg8 105. Rh7# 1-0

[Event "ch-FRA Blitz Online Qual"]
[Site "Europe-Chess INT"]
[Date "2020.05.16"]
[Round "14"]
[White "Redjem, Mohamed"]
[Black "Kollar, Romain"]
[Result "1-0"]
[WhiteElo "1777"]
[BlackElo "2205"]
[WhiteFideId "20608128"]
[BlackFideId "36017981"]
[EventDate "2020.05.16"]

1. d4 Nf6 2. c4 c5 3. e3 g6 4. Nf3 Bg7 5. Nc3 O-O 6. Bd3 d6 7. O-O Bg4 8. h3
Bxf3 9. Qxf3 Nc6 10. Rd1 cxd4 11. exd4 Nxd4 12. Qxb7 Ne6 13. Qf3 Rb8 14. Rb1 Nd7
15. Nd5 Ne5 16. Qe2 Nxd3 17. Qxd3 Nc5 18. Qe2 e6 19. Ne3 Qe7 20. b3 Ne4 21. Bb2
Bxb2 22. Qxb2 f5 23. f3 Nc5 24. Qd2 Rfd8 25. Re1 Qc7 26. Qd4 Qb7 27. Qf6 Rf8 28.
Qg5 Qb6 29. Kh2 f4 30. Ng4 Rf5 31. Nh6+ Kg7 32. Nxf5+ exf5 33. Re7+ Kg8 34. Qf6
Rf8 35. Qg7# 1-0

[Event "ch-FRA Blitz Online Qual"]
[Site "Europe-Chess INT"]
[Date "2020.05.16"]
[Round "14"]
[White "Sobry, Sebastien"]
[Black "Martinez Martinez, Mateo"]
[Result "0-1"]
[WhiteElo "2034"]
[BlackElo "1917"]
[WhiteFideId "622516"]
[BlackFideId "36055140"]
[EventDate "2020.05.16"]

1. e4 c5 2. Nf3 d6 3. d4 cxd4 4. Nxd4 Nf6 5. Nc3 a6 6. Bc4 e6 7. Bb3 Nbd7 8. f4
Nc5 9. Qe2 Be7 10. e5 dxe5 11. fxe5 Qxd4 12. exf6 Bxf6 13. Be3 Qd6 14. Rd1 Qc7
15. Qc4 b6 16. Ne4 Be7 17. Ba4+ b5 18. Bxb5+ axb5 19. Qxb5+ Bd7 20. Qc4 Rc8 21.
Bxc5 Bxc5 22. Nxc5 Qxc5 23. Qxc5 Rxc5 24. c3 Bb5 25. Rd4 Ke7 26. a4 Bc6 27. O-O
Rb8 28. Rf2 Rb3 29. Rfd2 Bd5 30. Rb4 Rxb4 31. cxb4 Rc4 0-1

[Event "ch-FRA Blitz Online Qual"]
[Site "Europe-Chess INT"]
[Date "2020.05.16"]
[Round "14"]
[White "Firouzja, Mohammadreza"]
[Black "Cornileau, Juliette"]
[Result "1-0"]
[WhiteElo "2135"]
[BlackElo "1872"]
[WhiteFideId "12573990"]
[BlackFideId "36083372"]
[EventDate "2020.05.16"]

1. e4 c5 2. Nf3 Nc6 3. Bb5 g6 4. O-O Bg7 5. Re1 e6 6. c3 Nge7 7. d4 cxd4 8. cxd4
d5 9. e5 O-O 10. Nc3 a6 11. Bd3 b5 12. Bg5 Bb7 13. Qd2 Rc8 14. h4 h5 15. Bf6 Qc7
16. Rac1 Qd7 17. Qg5 Rfe8 18. g4 hxg4 19. Qxg4 Nf5 20. h5 gxh5 21. Qg5 Nce7 22.
Nh4 Kh7 23. Nxf5 Nxf5 24. Bxf5+ 1-0

[Event "ch-FRA Blitz Online Qual"]
[Site "Europe-Chess INT"]
[Date "2020.05.16"]
[Round "14"]
[White "Lapitski, Yaroslav"]
[Black "Mekhane, Adam"]
[Result "0-1"]
[WhiteElo "1765"]
[BlackElo "2013"]
[WhiteFideId "13519468"]
[BlackFideId "36050601"]
[EventDate "2020.05.16"]

1. Nf3 Nf6 2. c4 g6 3. Nc3 Bg7 4. e4 d6 5. d4 O-O 6. Be2 Na6 7. O-O e5 8. d5 Nc5
9. Qc2 a5 10. Bg5 h6 11. Bh4 g5 12. Bg3 Nh5 13. Nd2 Nf4 14. f3 Nxe2+ 15. Nxe2 f5
16. Bf2 b6 17. b3 Qe8 18. a3 fxe4 19. Nxe4 Bf5 20. N2c3 Qg6 21. Rfe1 Kh7 22. b4
axb4 23. axb4 Rxa1 24. Rxa1 Nxe4 25. Nxe4 g4 26. Kh1 gxf3 27. gxf3 Qh5 28. Qe2
Bxe4 29. Qxe4+ Kh8 30. Ra3 Qh3 31. Kg1 Bf6 32. Bg3 Bg5 33. Qg4 Qxg4 34. fxg4 Bf4
35. Kg2 Bxg3 36. Kxg3 Rf4 37. Rc3 Kg7 38. c5 bxc5 39. bxc5 Rd4 40. cxd6 cxd6 41.
Rc7+ Kg6 42. h4 Rxd5 43. h5+ Kf6 44. Rh7 Rd3+ 45. Kh4 e4 46. Rxh6+ Kg7 47. Re6
e3 48. h6+ Kh7 49. Kh5 Rd5+ 50. g5 Re5 51. Rxd6 e2 52. Rd7+ Kg8 53. Kg6 e1=Q 54.
h7+ Kh8 55. Rd8+ Re8 56. Rxe8+ Qxe8+ 57. Kh6 Qf8+ 58. Kh5 Kxh7 59. g6+ Kg7 60.
Kg5 Qc5+ 61. Kf4 Kxg6 0-1

[Event "ch-FRA Blitz Online Qual"]
[Site "Europe-Chess INT"]
[Date "2020.05.16"]
[Round "14"]
[White "Van Hoolandt, Patrick"]
[Black "Lissillour, Baptiste"]
[Result "1-0"]
[WhiteTitle "FM"]
[WhiteElo "2063"]
[BlackElo "1731"]
[WhiteFideId "200999"]
[BlackFideId "45179620"]
[EventDate "2020.05.16"]

1. d4 Nf6 2. c4 g6 3. Nc3 Bg7 4. e4 d6 5. Nf3 O-O 6. Be3 e5 7. dxe5 dxe5 8. Qxd8
Rxd8 9. Nd5 c6 10. Nc7 Be6 11. Nxa8 Na6 12. Nb6 axb6 13. Bxb6 Ra8 14. Bd3 Nb4
15. Bb1 Bxc4 16. Nd2 Bd3 17. a3 Bxb1 18. Rxb1 Nd3+ 19. Kf1 Nd7 20. Be3 f5 21.
Ke2 N3c5 22. f3 Na4 23. Rhc1 Kf7 24. b3 Nab6 25. a4 Nc8 26. Nc4 b5 27. axb5 cxb5
28. Rd1 Ke6 29. exf5+ gxf5 30. Nb2 Ra2 31. Rd2 Nd6 32. Nd3 Rxd2+ 33. Kxd2 e4 34.
Nf4+ Kf7 35. Ke2 Ne5 36. Rd1 exf3+ 37. gxf3 Bf8 38. Rd5 Nc6 39. Bc5 Nb7 40. Bxf8
Kxf8 41. Rxf5+ Ke7 42. Rh5 h6 43. Rxh6 Nd4+ 44. Kf2 Nxb3 45. Rb6 N3c5 46. Rxb5
Kf6 47. h4 Kf5 48. Nd3 1-0

[Event "ch-FRA Blitz Online Qual"]
[Site "Europe-Chess INT"]
[Date "2020.05.16"]
[Round "14"]
[White "Daurelle, Herve"]
[Black "Gordon, James"]
[Result "1-0"]
[WhiteTitle "FM"]
[WhiteElo "2205"]
[BlackElo "1775"]
[WhiteFideId "602655"]
[BlackFideId "45186154"]
[EventDate "2020.05.16"]

1. e4 d6 2. d4 Nf6 3. Nc3 Nbd7 4. f4 e5 5. Nf3 exd4 6. Qxd4 c6 7. Be3 d5 8. exd5
Bc5 9. Qd3 Qe7 10. Nd4 Nb6 11. dxc6 bxc6 12. O-O-O Ba6 13. Qd2 Bxf1 14. Bf2 O-O
15. Rhxf1 Qc7 16. Ne6 fxe6 17. Bxc5 Rfd8 18. Qe3 Qf7 19. Rxd8+ Rxd8 20. Bxb6
axb6 21. Qxb6 Rc8 22. g3 Ng4 23. Ne4 Ra8 24. Qxc6 Rxa2 25. Kb1 Ra7 26. Ng5 Qf5
27. Qe8+ Qf8 28. Qxe6+ Kh8 29. Qxg4 Qb4 30. Qc8+ 1-0

[Event "ch-FRA Blitz Online Qual"]
[Site "Europe-Chess INT"]
[Date "2020.05.16"]
[Round "14"]
[White "Alloui-Cros, Baptiste"]
[Black "Oney, Remel"]
[Result "1-0"]
[WhiteElo "2139"]
[BlackElo "1781"]
[WhiteFideId "20699824"]
[BlackFideId "6310125"]
[EventDate "2020.05.16"]

1. d4 Nf6 2. Nc3 g6 3. e4 d6 4. Nf3 Bg7 5. Be2 O-O 6. O-O Nbd7 7. a4 e5 8. Be3
c6 9. dxe5 dxe5 10. Nd2 Qc7 11. Nc4 Ne8 12. a5 f5 13. f3 f4 14. Bf2 Ndf6 15. Qd2
g5 16. Rfd1 g4 17. Qd8 gxf3 18. Qxc7 Nxc7 19. gxf3 Nh5 20. Bc5 Re8 21. Nd6 Bh3
22. Nxe8 Rxe8 23. Bc4+ Kh8 24. Bxa7 Bf6 25. Rd6 Ne6 26. Bxe6 Bxe6 27. Kf2 Bh4+
28. Ke2 Bc4+ 29. Kd2 Rg8 30. Rg1 Rxg1 31. Bxg1 Nf6 32. b3 Bf7 33. Na4 Bh5 34.
Nc5 Bxf3 35. Bf2 Bxf2 36. Rxf6 Bxc5 37. Rf5 Kg7 38. Rxe5 Be3+ 39. Ke1 Kf6 40.
Rf5+ Ke6 41. b4 Bxe4 42. Rf8 Bxc2 43. Re8+ Kd5 44. Re7 Kc4 45. Rxb7 Kc3 46. a6
Bd2+ 47. Kf2 Be4 48. a7 Be3+ 49. Kf1 Bxa7 50. Rxa7 Kxb4 51. Rf7 Kc4 52. Rxf4 Kd3
53. Kf2 c5 54. Ke1 c4 55. Kd1 c3 56. Kc1 c2 57. Rf7 Ke3 58. Rc7 Kf3 59. Rc5 Kg2
60. Rh5 Kg1 61. Rh6 Kg2 62. Rh4 Kg1 63. Rxe4 Kxh2 64. Rh4+ Kg3 65. Rxh7 Kf3 66.
Kxc2 1-0

[Event "ch-FRA Blitz Online Qual"]
[Site "Europe-Chess INT"]
[Date "2020.05.16"]
[Round "14"]
[White "Masset, Jacques"]
[Black "Huynh, Nicolas"]
[Result "1-0"]
[WhiteElo "2058"]
[BlackElo "1836"]
[WhiteFideId "20603703"]
[BlackFideId "36081302"]
[EventDate "2020.05.16"]

1. d4 d5 2. c4 c6 3. Nc3 Nf6 4. Nf3 dxc4 5. a4 Bf5 6. Ne5 Nbd7 7. Nxc4 e6 8. f3
Be7 9. e4 Bg6 10. Be3 O-O 11. Qd2 c5 12. d5 exd5 13. Nxd5 Nxd5 14. Qxd5 Nf6 15.
Qxd8 Rfxd8 16. h4 h6 17. g4 Ne8 18. h5 Bh7 19. Rh2 b6 20. Rd2 Rxd2 21. Kxd2 Nd6
22. Rd1 Nxc4+ 23. Bxc4 Rd8+ 24. Kc2 Rxd1 25. Kxd1 Kf8 26. Kc2 Bd6 27. Kd3 f6 28.
Bd5 Bg8 29. Kc4 a6 30. Bxg8 Kxg8 31. Kd5 Be5 32. b3 Bc3 33. Kc6 Ba5 34. Bf4 Kf7
35. Bc7 b5 36. Bxa5 bxa4 37. bxa4 c4 38. Kd5 1-0

[Event "ch-FRA Blitz Online Qual"]
[Site "Europe-Chess INT"]
[Date "2020.05.16"]
[Round "14"]
[White "Larmet, Nino"]
[Black "Jouneau, Quentin"]
[Result "0-1"]
[WhiteElo "1818"]
[BlackElo "2018"]
[WhiteFideId "45105219"]
[BlackFideId "649716"]
[EventDate "2020.05.16"]

1. e4 c5 2. Nc3 e6 3. g3 Nc6 4. Bg2 Nf6 5. d3 Be7 6. Nge2 O-O 7. O-O a6 8. f4 d6
9. h3 Rb8 10. g4 h6 11. Ng3 Nh7 12. f5 Bh4 13. Nge2 Qc7 14. Nf4 b5 15. Be3 Nd4
16. Nce2 Nxe2+ 17. Qxe2 Bg5 18. Qf2 Nf6 19. Qg3 Bb7 20. h4 Bxf4 21. Bxf4 Rbd8
22. Bf3 Kh7 23. g5 Rg8 24. Kh2 Ne8 25. Rg1 g6 26. gxh6 Nf6 27. fxe6 fxe6 28. Bg5
Qf7 29. Raf1 Rdf8 30. Bg2 Qe7 31. Bh3 Rf7 32. Bxf6 Rxf6 33. Qg5 Rgf8 34. Rxf6
Qxf6 35. Qg4 Bc8 36. h5 gxh5 37. Qg7+ Qxg7 38. hxg7 Rg8 39. Rg5 Kh6 40. Rg3 Rxg7
41. Rf3 Kg6 42. Rf8 Bd7 43. Rd8 Kf6 44. Ra8 e5 45. Rxa6 Bxh3 46. Kxh3 Ke6 47.
Rb6 b4 48. Rb8 Ra7 49. Rh8 Rxa2 50. Rh6+ Kd7 51. Rxh5 Rxb2 52. Rh7+ Kc6 53. Kg3
Rxc2 54. Kf3 b3 55. Rh1 b2 56. Rb1 Kb5 57. Ke3 Kb4 58. d4 cxd4+ 59. Kd3 Kb3 60.
Rd1 Rc1 61. Rxc1 bxc1=Q 62. Ke2 Qc3 63. Kf1 d3 64. Kg2 d2 65. Kf2 d1=Q 66. Kg2
Qg4+ 67. Kf1 Qcf3+ 68. Ke1 Qe2# 0-1

[Event "ch-FRA Blitz Online Qual"]
[Site "Europe-Chess INT"]
[Date "2020.05.16"]
[Round "14"]
[White "Rebut, Paul"]
[Black "Hamon, Christian"]
[Result "1/2-1/2"]
[WhiteElo "1966"]
[BlackElo "2015"]
[WhiteFideId "45111057"]
[BlackFideId "614327"]
[EventDate "2020.05.16"]

1. d4 Nf6 2. Bf4 g6 3. Nc3 d5 4. e3 Bg7 5. h4 h5 6. Nf3 O-O 7. Ne5 c6 8. Be2
Nbd7 9. Qd2 Ne4 10. Nxe4 dxe4 11. O-O-O Nxe5 12. dxe5 Qxd2+ 13. Rxd2 Be6 14.
Rhd1 f6 15. exf6 exf6 16. Rd6 Kf7 17. R1d4 f5 18. Rb4 b6 19. Rxc6 Rac8 20. Rc7+
Rxc7 21. Bxc7 Rc8 22. Bf4 Bf8 23. Rd4 Be7 24. g3 Bc5 25. Rd2 Be7 26. Kb1 Rd8 27.
Rxd8 Bxd8 28. c4 Ke7 29. Kc2 Kd7 30. b4 Kc6 31. Kb3 a6 32. a4 b5 33. axb5+ axb5
34. Be5 bxc4+ 35. Bxc4 Bd5 36. b5+ Kc5 37. Bd4+ Kd6 38. Kb4 Ba5+ 39. Kb3 Be1 40.
b6 Bxc4+ 41. Kxc4 Kc6 42. b7 Kxb7 43. Kd5 Bxf2 44. Ke6 Bxg3 45. Bf6 f4 46. exf4
e3 47. Bc3 Bxh4 48. Kf7 e2 49. Kxg6 e1=Q 50. Bxe1 Bxe1 51. Kxh5 Bc3 52. f5 Kc7
53. Kg6 Kd7 54. Kf7 Kd6 55. f6 Bxf6 1/2-1/2

[Event "ch-FRA Blitz Online Qual"]
[Site "Europe-Chess INT"]
[Date "2020.05.16"]
[Round "14"]
[White "Berger Dit Lacroix, Kilian"]
[Black "Demarche, Laurent"]
[Result "1-0"]
[WhiteElo "2129"]
[BlackElo "1835"]
[WhiteFideId "36091855"]
[BlackFideId "609757"]
[EventDate "2020.05.16"]

1. e4 e5 2. Nf3 d6 3. d4 Nf6 4. dxe5 Nxe4 5. Bd3 Nc5 6. O-O d5 7. Nc3 c6 8. Re1
Be7 9. Bf1 O-O 10. Be3 Ne6 11. Nd4 c5 12. Nxe6 fxe6 13. Nb5 a6 14. Na3 Nc6 15.
f4 d4 16. Bd2 b5 17. c4 b4 18. Nc2 Bb7 19. Bd3 Rf7 20. Rf1 Bf8 21. Rf3 Qh4 22.
Rh3 Qe7 23. Bxh7+ Kh8 24. Bg6+ Kg8 25. Rh8+ Kxh8 26. Qh5+ Kg8 27. Qh7# 1-0

[Event "ch-FRA Blitz Online Qual"]
[Site "Europe-Chess INT"]
[Date "2020.05.16"]
[Round "14"]
[White "Suez-Panama, Gilles"]
[Black "Zeller, Thomas"]
[Result "1-0"]
[WhiteElo "1943"]
[BlackElo "1792"]
[WhiteFideId "620165"]
[BlackFideId "26057069"]
[EventDate "2020.05.16"]

1. d4 d5 2. Nf3 Nf6 3. c4 c6 4. g3 dxc4 5. Bg2 b5 6. O-O e6 7. a4 Bb7 8. Ne5 Qb6
9. Nc3 Nbd7 10. a5 Qa6 11. b3 cxb3 12. Qxb3 Nxe5 13. dxe5 Nd5 14. Ne4 Be7 15.
Nd6+ Bxd6 16. exd6 O-O 17. e4 Nf6 18. Bg5 Nd7 19. Be7 Rfc8 20. Qe3 c5 21. h4 c4
22. Rfc1 Ne5 23. Qg5 Nd3 24. Bf6 Kf8 25. Bxg7+ Kg8 26. Bh6+ Kh8 1-0

[Event "ch-FRA Blitz Online Qual"]
[Site "Europe-Chess INT"]
[Date "2020.05.16"]
[Round "14"]
[White "Villeneuve, Samuel"]
[Black "Ferey, Antonin"]
[Result "1-0"]
[WhiteElo "1807"]
[BlackElo "2138"]
[WhiteFideId "20642105"]
[BlackFideId "36051454"]
[EventDate "2020.05.16"]

1. d4 Nf6 2. Nc3 d5 3. Bf4 e6 4. e3 Be7 5. Bd3 O-O 6. Nf3 a6 7. Ne5 c5 8. dxc5
Bxc5 9. Qf3 Nc6 10. Nxc6 bxc6 11. Bg5 Be7 12. O-O Rb8 13. Rab1 c5 14. b3 Bb7 15.
Qg3 Qd6 16. Bf4 Qd8 17. Bxb8 Qxb8 18. Qxb8 Rxb8 19. Rfe1 Bd8 20. e4 Ba5 21. b4
Bxb4 22. Rb3 d4 23. Reb1 dxc3 24. a3 a5 25. axb4 cxb4 26. f3 Nd7 27. Ra1 Nc5 28.
Rxa5 Nxb3 29. cxb3 Bc6 30. Kf2 Kf8 31. Ke2 Ke7 32. Ra7+ Rb7 33. Ra6 Kd7 34. Kd1
Kc7 35. Kc2 Bb5 36. Ra5 Bxd3+ 37. Kxd3 Kb6 38. Ra4 Kc5 39. Kc2 Rd7 40. Ra5+ Kb6
41. Ra4 Rd2+ 42. Kc1 Kb5 43. Ra7 Rxg2 44. Rxf7 Kc5 45. f4 Kd4 46. f5 exf5 47.
exf5 c2 48. Kb2 Ke5 49. Rb7 Kxf5 50. Rxb4 Rxh2 51. Rc4 g5 52. b4 g4 53. Rc5+ 1-0

[Event "ch-FRA Blitz Online Qual"]
[Site "Europe-Chess INT"]
[Date "2020.05.16"]
[Round "14"]
[White "Lardon, Quentin"]
[Black "Alif, Yassine"]
[Result "1-0"]
[WhiteElo "2013"]
[BlackElo "1874"]
[WhiteFideId "36050407"]
[BlackFideId "45107203"]
[EventDate "2020.05.16"]

1. c4 Nf6 2. Nc3 g6 3. d4 Bg7 4. e4 d6 5. Bd3 O-O 6. Nge2 e5 7. d5 Nh5 8. Bd2 f5
9. h3 Nd7 10. Qc2 Nc5 11. a3 a5 12. Be3 Nxd3+ 13. Qxd3 f4 14. Bd2 Nf6 15. g3 Nd7
16. gxf4 Nc5 17. Qc2 exf4 18. Bxf4 Bxc3+ 19. bxc3 Qe7 20. Bh6 Rf3 21. Be3 Nxe4
22. O-O-O Nxf2 23. Bxf2 Rxf2 24. Rde1 Qe3+ 25. Qd2 Qc5 26. Qd4 Qxa3+ 27. Kd2
Qb2+ 28. Ke3 Rf5 29. Rhf1 Rxf1 30. Rxf1 Bxh3 31. Rf4 1-0

[Event "ch-FRA Blitz Online Qual"]
[Site "Europe-Chess INT"]
[Date "2020.05.16"]
[Round "14"]
[White "Nguyen, Thao Nhi"]
[Black "Bellaiche, Elise"]
[Result "0-1"]
[BlackTitle "WFM"]
[WhiteElo "1951"]
[BlackElo "2036"]
[WhiteFideId "36000310"]
[BlackFideId "696366"]
[EventDate "2020.05.16"]

1. e4 e6 2. d4 c5 3. d5 d6 4. Nf3 Nf6 5. dxe6 fxe6 6. e5 Nd5 7. exd6 Bxd6 8. Bc4
O-O 9. O-O Bc7 10. Bg5 Qd6 11. Nbd2 Nc6 12. Ne4 Qd7 13. Nxc5 Qf7 14. Bxd5 exd5
15. Re1 Bd6 16. Nd3 Bg4 17. Nfe5 Nxe5 18. f3 Nxd3 19. Qxd3 Bf5 20. Qb3 Rae8 21.
Rad1 Rxe1+ 22. Rxe1 Bc5+ 23. Kf1 Bb6 24. Re7 Qg6 25. Bd2 Re8 26. Qxd5+ Kh8 27.
Rxb7 Bxc2 28. Qd7 Bd3+ 0-1

[Event "ch-FRA Blitz Online Qual"]
[Site "Europe-Chess INT"]
[Date "2020.05.16"]
[Round "14"]
[White "Henry, Tony"]
[Black "Mouret, Paul"]
[Result "1-0"]
[WhiteElo "1979"]
[BlackElo "1748"]
[WhiteFideId "622427"]
[BlackFideId "36059170"]
[EventDate "2020.05.16"]

1. e4 d5 2. exd5 Nf6 3. d4 Nxd5 4. c4 Nb6 5. c5 Nd5 6. Bc4 e6 7. Nc3 Be7 8. Nf3
O-O 9. O-O c6 10. Nxd5 exd5 11. Bd3 Bg4 12. Bc2 g6 13. h3 Be6 14. Bh6 Re8 15.
Qd2 Bf6 16. Rfe1 Nd7 17. Re2 b6 18. b4 b5 19. Rae1 a5 20. a3 axb4 21. axb4 Ra2
22. Qf4 Qb8 23. Bb1 Rxe2 24. Rxe2 Qxf4 25. Bxf4 Bg7 26. g4 Nf6 27. Kg2 Bd7 28.
Ne5 Rd8 29. Bd3 h6 30. Nxd7 Rxd7 31. Be5 Re7 32. f4 Nd7 33. Bd6 Rxe2+ 34. Bxe2
Nf6 35. Be5 Ne4 36. Bxb5 Nd2 37. Bxc6 Bxe5 38. fxe5 Nb3 39. b5 Nxd4 40. Kf2 Kf8
41. Ke3 Nb3 42. b6 Nxc5 43. b7 Na6 44. Bxd5 Ke7 45. Kd4 f6 46. exf6+ Kxf6 47.
Kc4 Ke7 48. Bg2 Kd6 49. Kb5 Nb8 50. Kb6 g5 51. Ka7 Kc7 52. Bf3 Nd7 53. Be4 Nb8
54. Bf5 Nc6+ 55. Ka6 Nb8+ 56. Kb5 Kxb7 57. Kc5 Kc7 58. Kd5 Nc6 59. Ke6 Nd4+ 60.
Kf6 1-0

[Event "ch-FRA Blitz Online Qual"]
[Site "Europe-Chess INT"]
[Date "2020.05.16"]
[Round "14"]
[White "Cuttoli, Alexandre"]
[Black "Commin-Humeau, Augustin"]
[Result "1-0"]
[WhiteElo "2044"]
[BlackElo "1971"]
[WhiteFideId "36007293"]
[BlackFideId "26093006"]
[EventDate "2020.05.16"]

1. d4 Nf6 2. Bf4 g6 3. Nc3 d5 4. e3 c6 5. h4 Bg7 6. Bd3 Nbd7 7. Nf3 O-O 8. h5
Nxh5 9. Rxh5 gxh5 10. Bxh7+ Kxh7 11. Ng5+ Kg8 12. Qxh5 Nf6 13. Qh4 Bf5 14. O-O-O
Nh7 15. Nxh7 Bxh7 16. Rh1 Bg6 17. Bh6 e5 18. Qh2 Bxh6 19. Qxh6 Qf6 20. dxe5 Qg7
21. Qh4 f5 22. Rh3 Kf7 23. Rf3 Rh8 24. Qd4 Rh1+ 25. Kd2 Ke6 26. Rg3 b6 27. e4
fxe4 28. Nxe4 Qh6+ 29. Ng5+ Ke7 30. Qb4+ c5 31. Qg4 Rh4 32. Qe6+ Kd8 33. Qg8+
Kc7 34. Qxa8 Rd4+ 35. Kc3 Rc4+ 36. Kb3 Rb4+ 37. Ka3 Qh4 38. Qxa7+ Kc8 39. Qa8+
Kd7 40. Qxd5+ Kc7 41. Ne6+ Kb8 42. Qd8+ Ka7 43. Qc7+ Ka6 44. Qc8+ Ka7 45. Qc7+
Ka6 46. Nxc5+ bxc5 47. Rxg6+ Kb5 48. Rb6+ Kc4 49. Qf7+ Kd4 50. Rd6+ Ke4 51. Qg6+
Kxe5 52. Qe6+ Kf4 53. Qf7+ Ke4 54. Re6+ Kd4 55. Qd7+ Kc4 56. Qd3# 1-0

[Event "ch-FRA Blitz Online Qual"]
[Site "Europe-Chess INT"]
[Date "2020.05.16"]
[Round "14"]
[White "Maccagnan, Tomas"]
[Black "Fischler, Oscar"]
[Result "1/2-1/2"]
[WhiteElo "1968"]
[BlackElo "1864"]
[WhiteFideId "26091763"]
[BlackFideId "45190186"]
[EventDate "2020.05.16"]

1. e4 g6 2. d4 Bg7 3. Be3 d6 4. Qd2 c6 5. Nc3 b5 6. f3 Nf6 7. Bh6 O-O 8. h4 Nh5
9. O-O-O Ng3 10. Rh2 Nxf1 11. Rxf1 b4 12. Nce2 Qa5 13. Kb1 Bxh6 14. Qxh6 Qh5 15.
Qd2 Qb5 16. h5 a5 17. hxg6 fxg6 18. Nh3 Bxh3 19. Rxh3 Rf7 20. Rfh1 Nd7 21. Nf4
Nf8 22. d5 c5 23. Ne6 Nxe6 24. dxe6 Rg7 25. Qh6 Qc4 26. e5 Qxe6 27. Qxg7+ Kxg7
28. Rxh7+ Kf8 29. Rh8+ Qg8 30. R1h7 dxe5 31. Rxg8+ Kxg8 32. Rxe7 Rd8 33. Kc1 Rd5
34. Ra7 c4 35. Rc7 Rd4 36. Rc5 e4 37. fxe4 Rxe4 38. Rxa5 Re2 39. Rg5 Kf7 40. Rg4
c3 41. bxc3 bxc3 42. Kd1 Rd2+ 43. Kc1 Rf2 44. Rd4 Rxg2 45. a4 Rg1+ 46. Rd1 Rg4
47. Rd3 Rg1+ 48. Rd1 Rg4 1/2-1/2

[Event "ch-FRA Blitz Online Qual"]
[Site "Europe-Chess INT"]
[Date "2020.05.16"]
[Round "14"]
[White "Spagnoli, Benjamin"]
[Black "Labelle, Ambroise"]
[Result "0-1"]
[WhiteElo "1770"]
[BlackElo "1952"]
[WhiteFideId "20667116"]
[BlackFideId "26092050"]
[EventDate "2020.05.16"]

1. d4 e6 2. c4 Nf6 3. Nc3 Bb4 4. Qc2 d5 5. e3 c5 6. Nf3 Nc6 7. cxd5 Nxd5 8. Bd2
cxd4 9. exd4 O-O 10. Bd3 h6 11. O-O Be7 12. a3 Bf6 13. Nxd5 Qxd5 14. Be4 Nxd4
15. Nxd4 Qxd4 16. Bc3 Qc5 17. Bh7+ Kh8 18. Bxf6 Qxc2 19. Bxg7+ Kxh7 20. Bxf8 Bd7
21. Bb4 Bc6 22. Bc3 Rg8 23. g3 Qe4 24. f3 Qe3+ 25. Rf2 Bxf3 26. Re1 Qd3 27. Rd2
Qg6 28. Rd7 Bd5 29. Rf1 Rf8 30. Bb4 Qe4 31. Rdxf7+ Rxf7 32. Rxf7+ Kg6 0-1

[Event "ch-FRA Blitz Online Qual"]
[Site "Europe-Chess INT"]
[Date "2020.05.16"]
[Round "14"]
[White "Blachon, Pascal"]
[Black "Chung, Mathilde"]
[Result "0-1"]
[BlackTitle "WFM"]
[WhiteElo "1955"]
[BlackElo "2083"]
[WhiteFideId "636320"]
[BlackFideId "676446"]
[EventDate "2020.05.16"]

1. e4 c5 2. Nf3 Nc6 3. Nc3 e6 4. Bb5 Nge7 5. O-O a6 6. Be2 d5 7. exd5 exd5 8. d4
cxd4 9. Nxd4 g6 10. Bg5 Bg7 11. Nxc6 bxc6 12. Re1 Be6 13. Qd2 h6 14. Bf4 Nf5 15.
g4 Nd4 16. Bd1 Qh4 17. Bg3 Qh3 18. f3 h5 19. Qg2 hxg4 20. fxg4 O-O-O 21. Qxh3
Rxh3 22. Na4 a5 23. c3 Nb5 24. Nc5 Bd7 25. Kg2 Rhh8 26. a4 Nxc3 27. Bf3 Ne4 28.
Nxe4 dxe4 29. Bxe4 Bxg4 30. Bxc6 Rd2+ 31. Kh1 Bxb2 32. Rab1 Rc2 33. Be4 Rd2 34.
Bc6 f5 35. Re7 g5 36. Rc7+ Kd8 0-1